00340nam a2200145Ia 4500003000900000008004100009040001300050040001300063100002100076245002600097260002100123300000800144490000600152600003600158IT-RoPAU120407s9999 xx 000 0 und d aIT-RoPAU cIT-RoPAU aRaimondo Spiazzi aIl simbolo della fede aEdizioni Paoline c cm v2 acollana Pastorale - Magisterium